| 000 | 00984nam a2200229Ii 4500 | ||
|---|---|---|---|
| 003 | JO-AjNU | ||
| 008 | 230605s9999||||xx |||||||||||||| ||und|| | ||
| 017 | _a2020/16037 | ||
| 020 | _a978-977-841-188-1 | ||
| 040 |
_aJO-AjNU _bara _erda _cJO-AjNU |
||
| 041 | _aara | ||
| 050 | 1 | 4 | _aK2400.2021 |
| 100 | 3 |
_aعيد، محمد صلاح احمد , _eauthor _961798 |
|
| 245 | 0 | 0 | _aالدفع بوجود الاتفاق على التحكيم: دراسة مقارنة بين قانون التحكيم المصري وقانون النحكيم الفرنسي الجديد الصادر بالمرسوم رقم 48 لسنة 2011 |
| 250 | _aط1 | ||
| 264 | 3 | 1 | _aالقاهرة: المركز العربي للنشر والتوزيع، 2021 |
| 300 | _a314ص | ||
| 336 |
_atext _btxt _2rdacontent |
||
| 337 |
_aunmediated _bn _2rdamedia |
||
| 338 |
_avolume _bnc _2rdacarrier |
||
| 650 | 4 |
_aالتحكيم-قانون-التحكيم المصري-التحكيم الفرنسي-مقارنة _961799 |
|
| 999 |
_aA27952 _c31520 _d31520 |
||